000 00540nam a22001577a 4500
082 _a670
100 _aAli, Ammar
245 _aManufacturing Facility layout Design of APU and Quality Control
_cAmmar Ali
260 _aIslamabad :
_bSMME - NUST,
_c2015.
300 _a108 p. ;
_c30cm.
650 _aDesign and Manufacturing Engineering-MS-Thesis
_916133
700 _aDr. Liaqat Ali
_916199
856 _uhttp://10.250.8.41:8080/xmlui/handle/123456789/10679
942 _2ddc
_cTHE
999 _c541099
_d541099